00612 2200193 4500245011800000020002200118250001100140100002000151700002500171650005500196005001900251260005700270041001400327084001200341300002500353336000900378337001000387338002100397 aPendidikan Kepercayaan Terhadap Tuhan Yang Maha Esa dan Budi Pekerti untuk SMA/SMK Kelas XcMarubat SitorushText a978-602-244-357-5 aCet. 1 aMarubat Sitorus aGinomgom Simanjuntak aPendidikan Kepercayaan Terhadap Tuhan Yang Maha Es a20230616072322 aJakartabKementerian Pendidikan dan Kebudayaanc2021 aIndonesia a370.114 axvi, 232 hlm. :cPDF atext aother aother (computer)